000 00269 a2200097 4500
001 32346
100 _aSociety of Automative engineering
245 _aFuel System Design for Fuel Economy and Reduced Emissions
260 _aWarrendale
_bSA
_c1997
090 _c21725
_d21725
942 _aNUST-CAE
_cM
_c13031
999 _c267419
_d267419